00952nam a2200253 4500952010600000999001900106008004100125020001700166050002100183082002500204100003000229245003600259250001800295260004700313300003400360490002300394500003000417505014000447519002900587650002200616650002700638650002600665942000700691 00102lcc4070a01b01d2019-05-23l0o738.142 Ch928m 2010p01 014904r2019-05-23t1w2019-05-23yLB c104159d104159190523r20101998sp o|||| |||| 00| 0 spa d a978843422007 aNK4225bC43 2010 a738.142bCh928m 2010 1aChavarria, Joaquimeautor aModeladoc/ Joaquim Chavarría a6a. edición aBarcelona, Españab: Parramón c, 2010 a64 páginasb: fotografías aAula de Cerámica aIncluye: Glosario (p. 64) aIntroducción Modelado con pellizcos Modelado con rollos Modelado con tiras Modelado con planchas Modelado en macizo Hornos y coción aPlan UNAM /d(01 014902)14aMODELADOxARCILLA14aALFARERÍAxTÉCNICA14aCERÁMICAxTÉCNICA cLB